000 01021nam0a22002411 4500
001 rc\317992
005 20250621033807.0
035 _a(NLR Aleph) 005552777
090 _a5828294
_c5828294
100 _a20030307d1990 |||y0rusy50 ca
101 0 _arus
102 _aRU
105 _ay |||||||||
200 1 _aЗдравоохранению БАМ - 15 лет
_e(Тез. докл. науч.-практ. конф., 24-26 мая 1990 г., Тында)
_fОтв. ред. К.Р. Седов
210 _aКрасноярск
_cБ. и.
_d1990
215 _a93 с.
_d20
300 _aВ надзаг.: Координац. совет АМН СССР и Минздрава РСФСР по науч.-мед. пробл. БАМ, Ин-т мед. пробл. Севера СО АМН СССР, Врачеб.-сан. служба БАМ
702 1 _aСедов
_bК.Р.
_gКонстантин Рафаилович
_4340
801 0 _aRU
_bNLR
_gpsbo
801 1 _aRU
_bELAR
_2rusmarc
852 _aNLR
_j90-4/5612
942 _cBOOK
980 _aNB